[Event "38th Olympiad"]
[Site "Dresden GER"]
[Date "2008.11.22"]
[Round "9"]
[White "Quezada Perez,Y"]
[Black "Balogh,C"]
[Result "1/2-1/2"]
[WhiteElo "2580"]
[BlackElo "2616"]
[EventDate "2008.11.13"]

1. e4 e5 2. Nf3 Nc6 3. Bb5 Nf6 4. O-O Nxe4 5. d4 Nd6 6. Bxc6 dxc6 7. dxe5
Nf5 8. Qxd8+ Kxd8 9. Nc3 Ke8 10. h3 h6 11. Bf4 Bb4 12. Ne4 Be6 13. c3 Be7
14. g4 Nh4 15. Nxh4 Bxh4 16. Bg3 Bxg3 17. Nxg3 g5 18. b3 a5 19. c4 a4 20.
Rad1 Ke7 21. Nf5+ Bxf5 22. gxf5 axb3 23. axb3 Rhd8 24. Kg2 Rxd1 25. Rxd1
Ra5 26. Re1 f6 27. exf6+ Kxf6 28. Re6+ Kxf5 29. Rxh6 Ra3 30. Rh7 Rxb3 31.
Rxc7 Ke5 32. Rg7 Kd4 33. Rxg5 Kxc4 34. Rg4+ Kd5 35. h4 c5 36. h5 Ra3 37.
Rg5+ Kd4 38. Rg4+ Kd5 39. Rg5+ Kd4 40. Rg4+ Kd5 41. Rg5+ Kd4 1/2-1/2